[Event "Match Brazil vs Estonia"]
[Site "http://www.queenalice.com/game.php?id=1418970"]
[Date "2016.4.18"]
[Round "-"]
[White "Ksychess"]
[Black "tariann"]
[Result "1-0"]
[WhiteElo "2196"]
[BlackElo "2259"]

1. d4 d5 2. Nf3 c5 3. dxc5 Nc6 4. e4 dxe4 5. Qxd8+ Nxd8 6. Ne5 Nf6 7. Bb5+ Bd7
8. Nxd7 Nxd7 9. Nc3 e6 10. Nxe4 Rc8 11. Be3 Nc6 12. O-O-O a6 13. Ba4 Be7 14. Rd3
Nde5 15. Rb3 O-O 16. Rxb7 Rb8 17. Rxb8 Rxb8 18. a3 Na5 19. Bf4 Bf6 20. Rd1 Nac4
21. Rd4 Rb7 22. c6 1-0

[Event "Challenge"]
[Site "http://www.queenalice.com/game.php?id=1418995"]
[Date "2016.4.19"]
[Round "-"]
[White "Ksychess"]
[Black "holandes"]
[Result "1-0"]
[WhiteElo "2447"]
[BlackElo "2037"]

1. d4 d5 2. Nf3 Nf6 3. c4 e6 4. e3 Nc6 5. a3 g6 6. b4 dxc4 7. Bxc4 Bg7 8. O-O
O-O 9. Nbd2 b6 10. Bb2 Bb7 11. Re1 Re8 12. Rc1 a6 13. Bf1 Qe7 14. e4 Rad8 15. d5
exd5 16. exd5 Qxe1 17. Nxe1 Rxd5 18. Nef3 Red8 19. Qc2 Re8 20. Bxa6 Nxb4 21.
axb4 Bxa6 22. Bxf6 Bxf6 23. Qc6 1-0

[Event "AUTO-OPEN-3640"]
[Site "http://www.queenalice.com/game.php?id=1419083"]
[Date "2016.4.19"]
[Round "1"]
[White "francksc"]
[Black "Ksychess"]
[Result "0-1"]
[WhiteElo "1623"]
[BlackElo "2286"]

1. d4 Nf6 2. g3 d5 3. e3 e6 4. Bg2 c5 5. Nf3 Nc6 6. O-O Bd6 7. c3 O-O 8. dxc5
Bxc5 9. b4 Bd6 10. b5 Na5 11. a4 Qc7 12. Qd3 e5 13. Ng5 h6 14. Nh3 Nb3 15. Bxd5
Nxd5 16. Qxd5 Be6 17. Qd3 Nxa1 18. Nd2 Bxh3 19. Rd1 Be6 20. c4 Bb4 21. Nb3 Bxc4
22. Qxc4 Qxc4 23. Nxa1 Qa2 24. Bb2 Qxb2 25. h4 Rfd8 26. Rxd8+ Rxd8 27. f3 Rd1#
0-1

[Event "AUTO-OPEN-3640"]
[Site "http://www.queenalice.com/game.php?id=1419084"]
[Date "2016.4.19"]
[Round "1"]
[White "Ksychess"]
[Black "francksc"]
[Result "1-0"]
[WhiteElo "2286"]
[BlackElo "1607"]

1. d4 d5 2. Nf3 Nf6 3. c4 dxc4 4. Nc3 c6 5. a4 g6 6. e4 Bg4 7. Be3 Bxf3 8. Qxf3
e6 9. Bxc4 Bb4 10. O-O Bxc3 11. bxc3 O-O 12. Bg5 a6 13. e5 Nbd7 14. Bxf6 Nxf6
15. exf6 Qd6 16. a5 Rfe8 17. Rfe1 e5 18. Rab1 Qc7 19. Qe3 Kf8 20. Qh6+ Kg8 21.
Qg7# 1-0

[Event "AUTO-OPEN-3640"]
[Site "http://www.queenalice.com/game.php?id=1419111"]
[Date "2016.4.19"]
[Round "1"]
[White "clovis"]
[Black "Ksychess"]
[Result "0-1"]
[WhiteElo "2051"]
[BlackElo "2145"]

1. e4 c5 2. Nf3 Nc6 3. Bb5 Qc7 4. O-O g6 5. Nc3 Bg7 6. Nd5 Qd8 7. d3 a6 8. Ba4
b5 9. Bb3 e6 10. Re1 d6 11. Nc3 Nf6 12. e5 dxe5 13. Nxe5 Nxe5 14. Rxe5 Qb6 15.
Bg5 Bb7 16. Bxf6 Bxf6 17. Nd5 Bxd5 18. Bxd5 O-O-O 0-1

[Event "AUTO-OPEN-3640"]
[Site "http://www.queenalice.com/game.php?id=1419112"]
[Date "2016.4.19"]
[Round "1"]
[White "Ksychess"]
[Black "clovis"]
[Result "1-0"]
[WhiteElo "2262"]
[BlackElo "2051"]

1. d4 d5 2. Nf3 Nf6 3. c4 e6 4. Nc3 c6 5. e3 Nbd7 6. Ne5 Bd6 7. f4 Ne4 8. Nxe4
dxe4 9. c5 Nxe5 10. fxe5 Bc7 11. Qg4 Ba5+ 12. Bd2 Bxd2+ 13. Kxd2 O-O 14. Qxe4 f6
15. exf6 Rxf6 16. Bd3 g6 17. Rhf1 Rf5 18. g4 Rf6 19. h4 Bd7 20. h5 Qa5+ 21. Ke2
Raf8 22. Rxf6 Rxf6 23. Qe5 Qd8 24. g5 Rf7 25. hxg6 hxg6 26. Bxg6 Rg7 27. Rh1 1-0

[Event "AUTO-OPEN-3640"]
[Site "http://www.queenalice.com/game.php?id=1419131"]
[Date "2016.4.19"]
[Round "1"]
[White "Ksychess"]
[Black "reibas"]
[Result "0-1"]
[WhiteElo "2447"]
[BlackElo "1734"]

1. d4 d5 2. Nf3 Nc6 3. Nbd2 Nf6 4. c4 dxc4 5. e3 c3 6. bxc3 e6 7. Bd3 Bd6 8. Nc4
Be7 9. O-O O-O 10. e4 Nd7 11. e5 f6 12. exf6 Bxf6 13. Qc2 h6 14. Re1 Nb6 15. Qe2
Nd5 16. Ne3 Nxc3 0-1

[Event "AUTO-OPEN-3640"]
[Site "http://www.queenalice.com/game.php?id=1419132"]
[Date "2016.4.19"]
[Round "1"]
[White "reibas"]
[Black "Ksychess"]
[Result "1-0"]
[WhiteElo "1704"]
[BlackElo "2447"]

1. e4 c5 2. Nf3 d6 3. d4 cxd4 4. Nxd4 Nf6 5. Nc3 a6 6. Be3 Nc6 7. a3 Ng4 8. Nxc6
bxc6 9. Bd2 Qb6 10. Qf3 Qxb2 11. Rb1 Qxa3 12. e5 Nxe5 13. Qe3 Bf5 14. Be2 Bxc2
15. Rb7 1-0

[Event "AUTO-MASTER-2458"]
[Site "http://www.queenalice.com/game.php?id=1420397"]
[Date "2016.4.29"]
[Round "1"]
[White "popcorn"]
[Black "Ksychess"]
[Result "0-1"]
[WhiteElo "2300"]
[BlackElo "2435"]

1. d4 Nf6 2. c4 e6 3. Nf3 b6 4. g3 Bb7 5. Bg2 g6 6. O-O Bg7 7. Nc3 Ne4 8. e3
Nxc3 9. bxc3 O-O 10. Qc2 d6 11. a4 Qc8 12. e4 Ba6 13. Nd2 e5 14. Bb2 Nc6 15. Qd3
Na5 16. f4 c5 17. d5 exf4 18. gxf4 Qg4 19. Rae1 Rae8 20. Kh1 f5 21. exf5 Qxf5
22. Qxf5 gxf5 23. Re6 Bc8 24. Rxe8 Rxe8 25. Bf3 Re3 26. Kg2 Bh6 0-1

[Event "AUTO-MASTER-2458"]
[Site "http://www.queenalice.com/game.php?id=1420398"]
[Date "2016.4.29"]
[Round "1"]
[White "Ksychess"]
[Black "popcorn"]
[Result "1-0"]
[WhiteElo "2384"]
[BlackElo "2298"]

1. c4 Nf6 2. Nf3 g6 3. Nc3 Bg7 4. e4 d6 5. d4 O-O 6. h3 e5 7. d5 Nh5 8. g3 f5 9.
exf5 gxf5 10. Bg5 Qe8 11. Qd2 Na6 12. Nh4 Nf6 13. O-O-O Nc5 14. f3 a5 15. Rg1
Kh8 16. Nb5 Qf7 17. Be3 Nfd7 18. Nxc7 1-0

[Event "AUTO-MASTER-2458"]
[Site "http://www.queenalice.com/game.php?id=1420411"]
[Date "2016.4.29"]
[Round "1"]
[White "areis"]
[Black "Ksychess"]
[Result "0-1"]
[WhiteElo "2053"]
[BlackElo "2330"]

1. d4 Nf6 2. Nf3 e6 3. Bf4 b6 4. e3 Bb7 5. h3 c5 6. c3 Nc6 7. Nbd2 Rc8 8. Be2 d5
9. O-O Bd6 10. Ne5 O-O 11. Ndf3 Ne4 12. Bd3 Ne7 13. Qc2 Qc7 14. Bxe4 dxe4 15.
Nd2 cxd4 16. exd4 f6 17. Be3 fxe5 18. Nxe4 exd4 19. Bxd4 Nf5 20. Ng5 Bh2+ 21.
Kh1 Bf4 22. Nxe6 Bxg2+ 23. Kxg2 Nh4+ 24. Kg1 Nf3+ 25. Kg2 Qc6 26. Qe4 Qxe4 0-1

[Event "AUTO-MASTER-2458"]
[Site "http://www.queenalice.com/game.php?id=1420412"]
[Date "2016.4.29"]
[Round "1"]
[White "Ksychess"]
[Black "areis"]
[Result "1-0"]
[WhiteElo "2323"]
[BlackElo "2016"]

1. d4 Nf6 2. Nf3 d5 3. c4 e6 4. Nc3 c6 5. e3 Be7 6. b3 Bb4 7. Bd2 Qa5 8. Qc2
dxc4 9. bxc4 O-O 10. a3 Bxc3 11. Bxc3 Qd8 12. Bd3 Nbd7 13. e4 h6 14. e5 Nh5 15.
Qd2 g5 16. h4 Nf4 17. Bc2 f5 18. hxg5 hxg5 19. g3 Ng6 20. Nxg5 Nb6 21. Rh6 Qe8
22. Qe2 Qe7 23. Rxg6+ 1-0

[Event "AUTO-MASTER-2458"]
[Site "http://www.queenalice.com/game.php?id=1420419"]
[Date "2016.4.29"]
[Round "1"]
[White "szachograjek"]
[Black "Ksychess"]
[Result "0-1"]
[WhiteElo "2142"]
[BlackElo "2416"]

1. e4 e5 2. Nf3 Nc6 3. d4 exd4 4. Bc4 Bc5 5. O-O h6 6. c3 Qe7 7. cxd4 Bb6 8. Nc3
d6 9. Nd5 Qd8 10. Nxb6 axb6 11. h3 Nf6 12. Re1 Ne7 13. e5 dxe5 14. Nxe5 O-O 15.
Qf3 Nf5 16. Be3 c6 17. Rad1 Nh4 18. Qg3 Nf5 19. Nxf7 Rxf7 20. Qg6 Nd5 0-1

[Event "AUTO-MASTER-2458"]
[Site "http://www.queenalice.com/game.php?id=1420420"]
[Date "2016.4.29"]
[Round "1"]
[White "Ksychess"]
[Black "szachograjek"]
[Result "0-1"]
[WhiteElo "2436"]
[BlackElo "2210"]

1. d4 Nf6 2. Nf3 g6 3. c4 Bg7 4. Nc3 d6 5. e4 O-O 6. h3 Nc6 7. Bg5 h6 8. Be3 e5
9. d5 Ne7 10. Qd2 Kh7 11. O-O-O a6 12. g4 Ne8 13. Be2 c5 14. Rdg1 Rb8 15. h4 Nc7
16. h5 g5 17. Bxg5 hxg5 18. Nxg5+ Kg8 19. h6 Bf6 20. h7+ Kh8 21. Nf3 Ng6 22. g5
Bg7 23. Nd1 f5 24. exf5 Bxf5 25. Ne3 b5 26. Nxf5 Rxf5 27. Qe3 bxc4 28. Bxc4 e4
29. Qxe4 Rf4 30. Qd3 Rxb2 31. Rg2 Qf8 32. Rg3 Rxf2 33. Nd2 Ne5 0-1

[Event "AUTO-ELITE-1677"]
[Site "http://www.queenalice.com/game.php?id=1421076"]
[Date "2016.5.3"]
[Round "1"]
[White "Martin369"]
[Black "Ksychess"]
[Result "0-1"]
[WhiteElo "2467"]
[BlackElo "2350"]

1. d4 Nf6 2. c4 e6 3. Nf3 d5 4. Nc3 a6 5. cxd5 Nxd5 6. e4 Nxc3 7. bxc3 Be7 8.
Bd3 c5 9. O-O O-O 10. d5 b5 11. Bf4 c4 12. Bc2 exd5 13. exd5 Bb7 14. d6 Bf6 15.
Re1 Nd7 16. Ne5 Bxe5 17. Bxe5 Nxe5 18. Rxe5 Re8 19. Rxe8+ Qxe8 20. d7 Qe7 21.
Qd2 Bc6 22. Bf5 Rd8 23. Re1 Qf6 24. Qe3 g6 25. Bh3 Kg7 26. Qd2 h5 27. Rd1 g5 0-1

[Event "AUTO-ELITE-1677"]
[Site "http://www.queenalice.com/game.php?id=1421077"]
[Date "2016.5.3"]
[Round "1"]
[White "Ksychess"]
[Black "Martin369"]
[Result "1/2-1/2"]
[WhiteElo "2340"]
[BlackElo "2476"]

1. d4 d5 2. Nf3 Nf6 3. c4 c6 4. e3 e6 5. Nc3 Nbd7 6. Ne5 Bb4 7. Bd2 Bxc3 8. Bxc3
Nxe5 9. dxe5 Ne4 10. Qc2 Nxc3 11. Qxc3 f6 12. cxd5 exd5 13. exf6 Qxf6 14. Qxf6
gxf6 15. g3 Bf5 16. Be2 1/2-1/2

[Event "AUTO-ELITE-1677"]
[Site "http://www.queenalice.com/game.php?id=1421084"]
[Date "2016.5.3"]
[Round "1"]
[White "Ksychess"]
[Black "BEBADO"]
[Result "1-0"]
[WhiteElo "2404"]
[BlackElo "2231"]

1. d4 Nf6 2. Nf3 c5 3. c4 e6 4. d5 exd5 5. cxd5 d6 6. Nc3 g6 7. Nd2 Bg7 8. e4
O-O 9. Be2 Nbd7 10. f4 Re8 11. a4 a6 12. O-O b6 13. Bf3 Bb7 14. Nc4 Bf8 15. Re1
Qc7 16. Bd2 Rad8 17. e5 dxe5 18. d6 Qb8 19. Bxb7 Qxb7 20. fxe5 Nd5 21. Qf3 1-0

[Event "AUTO-ELITE-1677"]
[Site "http://www.queenalice.com/game.php?id=1421085"]
[Date "2016.5.3"]
[Round "1"]
[White "BEBADO"]
[Black "Ksychess"]
[Result "1-0"]
[WhiteElo "2290"]
[BlackElo "2447"]

1. e4 e5 2. Nf3 Nc6 3. d4 exd4 4. Nxd4 Nxd4 5. Qxd4 Ne7 6. Nc3 Nc6 7. Qe3 Nb4 8.
Bd3 Nxd3+ 9. cxd3 Be7 10. O-O O-O 11. Bd2 c6 12. d4 Re8 13. Rfe1 d5 14. exd5
cxd5 15. Qf3 Be6 16. Rac1 Qd7 17. h3 Rac8 18. Ne2 f6 19. Nf4 Bf7 20. Nd3 Rxc1
21. Nxc1 Bd6 22. Rxe8+ Qxe8 23. Qb3 Qc6 24. Nd3 b6 25. a3 Be6 26. Be3 Qc4 27.
Qd1 g5 28. f3 Bf5 29. Nf2 Kg7 30. Qd2 h6 31. h4 Qb3 32. hxg5 hxg5 33. g4 Bc2 34.
Qc1 a5 35. Kg2 a4 36. Nh1 b5 37. Ng3 Kg6 38. Kf2 b4 39. axb4 Bxb4 40. Nf5 Kf7
41. Ng3 1-0